| 000 | 00535nam a2200145 a 4500 | ||
|---|---|---|---|
| 008 | 120416s1980 ||||||||||||||||| || u | ||
| 050 | _aTS 155 Buf | ||
| 100 | _aBuffa, Elwood Spencer, 1923- | ||
| 245 | 1 | 0 | _aModern production (and) operations management (6th ed.) |
| 250 | _a6th ed. | ||
| 260 |
_aNew York: _bJohn Wiley and Sons _c1980 |
||
| 300 | _axx, 673p. : ill. | ||
| 350 | _a0.00 | ||
| 995 |
_D0.00 _FCBU-MAIN LIBRARY (Kitwe) _H1 _I0.00 _M1 _UDAMAGED _ZMain Library Open Access Collection |
||
| 999 |
_c51509 _d51509 |
||